Thematic Mapping From Satellite Imagery: An International Report / (Record no. 5381)
[ view plain ]
| 000 -LEADER | |
|---|---|
| fixed length control field | 00358cam a2200133ua 4500 |
| 020 ## - INTERNATIONAL STANDARD BOOK NUMBER | |
| ISBN | 1851662170 |
| 082 ## - DEWEY DECIMAL CLASSIFICATION NUMBER | |
| Classification number | 526 |
| Item number | DEN/TH |
| 100 ## - MAIN ENTRY--AUTHOR NAME | |
| Personal name | . |
| 245 ## - TITLE STATEMENT | |
| Title | Thematic Mapping From Satellite Imagery: An International Report / |
| 260 ## - PUBLICATION, DISTRIBUTION, ETC. (IMPRINT) | |
| Place of publication | London : |
| Name of publisher | Elsevier Applied Sciences , |
| Year of publication | 1991. |
| 300 ## - PHYSICAL DESCRIPTION | |
| Number of Pages | 214 ; . |
| 700 ## - ADDED ENTRY--PERSONAL NAME | |
| Personal name | Denegre, J |
| 942 ## - ADDED ENTRY ELEMENTS (KOHA) | |
| Koha item type | Reference |
| Withdrawn status | Lost status | Damaged status | Collection code | Home library | Current library | Shelving location | Date acquired | Full call number | Accession Number | Koha item type |
|---|---|---|---|---|---|---|---|---|---|---|
| Reference | KAUAET | KAUAET | Reference | 07/04/2012 | 526.DEN/TH | 17786 | Reference |
